Dilemas do acesso à biodiversidade e aos conhecimentos tradicionais : (Record no. 280)

MARC details
000 -LÍDER
Campo Fixo de Controle 00931nam a22002537a 4500
001 - NÚMERO DE CONTROLE
Campo de Controle 280
003 - IDENTIFICAÇÃO DO NÚMERO DE CONTROLE
Campo de Controle BR-CuiBMT
005 - DATA E HORA DA ÚLTIMA ATUALIZAÇÃO
Campo de Controle 20231121204008.0
008 - DADOS FIXOS
Dados Fixos 230919b2009 mgba 001 0 por d
020 ## - INTERNATIONAL STANDARD BOOK NUMBER
Nº do ISBN 9788577002405
040 ## - AGÊNCIA CATALOGADORA
Código da Agência Catalogadora BR-CuiBMT
Agência que transcreveu o registro BR-CuiBMT
080 ## - Nº DA CLASSIFICAÇÃO DECIMAL UNIVERSAL
Nº edição CDU 2007
Nº Class. CDU 341.1/.8
090 ## - NÚMERO DE CHAMADA
Nº classificação 341.1/.8
Cutter D576
245 00 - TÍTULO PRINCIPAL
Título principal Dilemas do acesso à biodiversidade e aos conhecimentos tradicionais :
Subtítulo direito, política e sociedade /
Indicação de responsabilidade Sandra Akemi Shimada Kishi, John Bernhard Kleba, coordenadores ; prefácio Paulo Affonso Leme Machado.
260 ## - PUBLICAÇÃO, DISTRIBUIÇÃO, ETC.
Local de publicação Belo Horizonte :
Editora Fórum,
Data 2009.
300 ## - DESCRIÇÃO FÍSICA
N. páginas ou volumes 327 p. ;
Dimensões 24 cm
504 ## - NOTA DE BIBLIOGRAFIA, ETC.
Nota de bibliografia Inclui bibliografia e índice.
650 ## - ASSUNTO TÓPICO
Cabeçalho tópico ou nome geográfico Direito internacional público
650 ## - ASSUNTO TÓPICO
Cabeçalho tópico ou nome geográfico Biodiversidade
Subdivisão geral Aspectos jurídicos
650 ## - ASSUNTO TÓPICO
Cabeçalho tópico ou nome geográfico Indígenas
Subdivisão geral Direitos fundamentais
700 1# - ENTRADA SECUNDÁRIA -- NOME PESSOAL
Nome pessoal Kishi, Sandra Akemi Shimada,
Datas associadas ao nome 1968-
Cód. do termo explicativo coord.
700 1# - ENTRADA SECUNDÁRIA -- NOME PESSOAL
Nome pessoal Kleba, John Bernhard
Cód. do termo explicativo coord.
942 ## - ELEMENTOS DE ENTRADA ADICIONAIS (KOHA)
Fonte de classificação ou esquema de arquivamento Classificação Decimal Universal
Tipo de item do Koha Livros
Holdings
Estado: removido Estado: perdido Fonte de classificação ou esquema de arquivamento Estado: danificado Indisponível para empréstimo Localização permanente Localização atual Data de aquisição Total Checkouts Número de Chamada completo Código de barras Date last seen Número do exemplar Preço efetivo a partir de Tipo de item (Koha)
    Classificação Decimal Universal     Biblioteca da Escola Superior de Contas do TCE/MT Biblioteca da Escola Superior de Contas do TCE/MT 28/07/2023   341.1/.8 D576 BIBTCEMT23090062 19/09/2023 Ex. 1 19/09/2023 Livros

Powered by Koha